000 01048nam a2200241 i 4500
001 160866
003 ES-MaACL
005 20251003191919.0
008 931025s1791 sp a |||| | spa d
040 _aPAB
_bspa
_cPAB
100 1 _aOcampo, Florian de.
_9130588
245 1 0 _aCoronica general de España /
_cque continuaba Ambrosio de Morales... ; tomo IV.
260 _aEn Madrid :
_ben la Oficina de don Benito Cano :
_bse hallará en la libreria de Quiroga...,
_c1791.
300 _a[2], 700 p. ;
_c4º (22 cm)
594 1 _aAmbrosio de Morales es continuador de la Cronica general de España de Florian de Ocampo.
597 _aSign.: [ ]1, A-Z4, 2A-2Z4, 3A-3Z4, 4A-4S4, 4T2.
597 _aPort. con orla tip. xil.
599 _aGrab. xil.: "Ximeno la inv. y gravó" en p. 1.
651 7 _aEspaña-
_xHistoria-
_y218 a.C.-414 d.C. (Época romana)
_2
_9168873
700 1 _aMorales, Ambrosio de,
_d1513-1591
_982970
852 _aES-MaACL
_jR-314-23
_z-- Enc. pasta española
_xOlim: B-222-31
999 _c160866
_d160866